000 01245njm a22002657a 4500
005 20100904153812.0
007 sd ammalaaahaa
008 100904t xxu||||| |||| 00| 0hin d
028 _aN. 52998
_bHis Maser's Voice
028 _aOJE. 14056
_bHis Maser's Voice
028 _aOJE. 14057
_bHis Maser's Voice
035 _aGR-547
040 _aSED/VEN
100 _aBhosle, Asha
_918423
245 _aMukti :
_bhindustani /
_cby Asha Bhosle ; music by Molai Chakravorty ; lyric by Arzoo Lukhnavi
_h[sound recording] :
246 _aमुक्ति (आशा भोसले)
260 _aDum Dum, India
_bHis Maser's Voice
300 _a1 sound disc [Gramophone recording] :
_banalog, 33. 1/3 rpm
_c10 in
_fGramophone recording
500 _aBrief record.
505 _aEk Garib Apna Mukaddar (Mukti) (Asha Bhosle) एक गरीब अपना मुकद्दर भाग १ , Sitam Bhi Tumahare Karam Bhi Tumahare (Mohd. Rafi) सितम भी तुम्हारे करम भी तुम्हारे भाग २
_t
650 _aClassical music
_xExcerpts
_zIndia
_918424
700 _aMohd. Rafi
_918425
942 _2ddc
_cGR
999 _c43844
_d43844